00388nam a22001577a 450000500170000002000110001703500130002803700130004110000230005424500360007725000100011326000400012330000250016394200250018899900170021320120522123852.0 c140.00 aB-119950 aDPLbENG aAhmad, Aqil947699 aMohammedan Law /cby Aqil Ahmad arprn. aAllahabadbCentral Law Agencyc2005 axvii, 420p.c20 cms. 2ddccENh340.59mAQI c67015d67015